La encerrona de la chupeta y otros desbarajustes

Сохранить в:
Библиографические подробности
Главный автор: Zuñiga Díaz, Francisco
Формат:
Язык:Undetermined
Опубликовано: San José, Costa Rica EUNED 1996
Предметы:
Метки: Добавить метку
Нет меток, Требуется 1-ая метка записи!

MARC

LEADER 00000nam a2200000Ia 4500
008 170316s9999 xx 000 0 und d
040 |a cru BVZT 
090 |a 868 Z-6e 
100 |a Zuñiga Díaz, Francisco 
245 |a La encerrona de la chupeta y otros desbarajustes 
260 |a San José, Costa Rica 
260 |b EUNED 
260 |c 1996 
300 |a 151 páginas 
650 |a COLECCIÓN VIEJA Y NUEVA NARRATIVA COSTARRICENSE 
650 |a LITERATURA COSTARRICENSE 
650 |a CUENTOS 
999 |c 11664  |d 11664 
942 |c 15 D  |h 868 Z-6e  |2 z